Tokyo and washington

में बचाया:
ग्रंथसूची विवरण
मुख्य लेखक: Shiels, Federick L.
स्वरूप: पुस्तक
भाषा:Undetermined
प्रकाशित: Canada Lexington Books 1980
विषय:
टैग : टैग जोड़ें
कोई टैग नहीं, इस रिकॉर्ड को टैग करने वाले पहले व्यक्ति बनें!
Thư viện lưu trữ: Trung tâm Học liệu Trường Đại học Cần Thơ
LEADER 00481nam a2200181Ia 4500
001 CTU_78832
008 210402s9999 xx 000 0 und d
082 |a 327.5 
082 |b S555 
100 |a Shiels, Federick L. 
245 0 |a Tokyo and washington 
245 0 |c Federick L. Shiels 
260 |a Canada 
260 |b Lexington Books 
260 |c 1980 
650 |a Foreign relations 
650 |z Japan,United States 
980 |a Trung tâm Học liệu Trường Đại học Cần Thơ